000 02202nam a22003617a 4500
005 2011080406576.0
008 090728t xxu||||| |||| 00| 0 pun d
010 _aPUN-6942 B-465045-049
020 _c650.00
_a9780981191225
035 _aPN-6060 B-465045-049
037 _bDBAD / PUB
037 _bRBC/Vender
040 _adpl
_bpn
082 _a851
100 _924414
_aਬਾਗਡ਼ੀ, ਹਰਚੰਦ ਸਿੰਘ
245 _aਕਿਸ ਬਿਧ ਲਈ ਆਜ਼ਾਦੀ /
_cਹਰਚੰਦ ਸਿੰਘ ਬਾਗਡ਼ੀ
246 _aKis bidh lai azadi
_bby Harchand Singh Bagri
260 _aChandigarh
_bTarlochan Publishers
_c2011
270 _a3236, Sector-15-D,
_bChandigarh
_k0172-4613236
300 4 _a448 ਸਫੇ
_c22ਸੇਮੀ (ਸਜਿਲੱਦ)
600 _931401
650 _924412
650 _924431
700 _931690
942 _2ddc
_cPN
_h851
_mਬਾਗਡ਼ੀ
999 _c55096
_d55096